1977 1691 1411 1867 1252 1981 1435 1734 1415 1172 1362 1290 1479 1487 1275 1817 1053 1523 1984 1312 1318 1452 1788 1903 1621 1987 1841 1322 1966 1266 1169 1494 1590 1689 1407 1810 1294 1478 1448 1284 1455 1051 1547 1616 1183 1754 1965 1575 1265 1127 1264 1397 1199 1640 1254 1716 1195 1005 1141 1255 1503 1677 1257 1020 1515 1193 1084 1338 1464 1931 1903 1428 1415 1840 1055 1881 1103 1025 1809 1882 1194 1104 1665 1562 1420 1848 1140 1420 1710 1111 1353 1323 1549 1817 1395 1683 1773 1868 1228 BCNSPRNW ULIB Ver.6.0+V

เปลี่ยนเป็นภาษาไทย

Change to English
 แสดงรายละเอียดบรรณานุกรม
  กลับหน้าหลัก

Brief Record : Get Marc (ISO 2709) : E-mail record : QR code < ปิดหน้าต่าง
LEADER : 00000nam 2200000uu 4500
001    13399110945
003     ULIB
008    110614s2549||||th 000 0 tha d
020    9749993713
050  4 BF713^bพ263ท 2549
100 0  พรรณทิพย์ ศิริวรรณบุศย์
245 10 ทฤษฎีจิตวิทยาพัฒนาการ /^cพรรณทิพย์ ศิริวรรณบุศย์
250    พิมพ์ครั้งที่ 3 (ฉบับปรับปรุง)
260    กรุงเทพฯ :^bสำนักพิมพ์แห่งจุฬาลงกรณ์มหาวิทยาลัย,^c2549
300    197 หน้า :^bภาพประกอบ ;^c26 ซม.
650  7 จิตวิทยาพัฒนาการ
650  7 พฤติกรรมมนุษย์
945    ^p150^l0^i023104
945    ^p150^l0^i023103
945    ^p150^l0^i023102
945    ^p150^l0^i017980
945    ^p150^l0^i017124
945    ^p150^l0^i017026
945    ^p150^l0^i017981
945    ^p150^l0^i031688
945    ^p150^l0^i031689
995    ทศพร
999 ^a ใช้งานได้ทุกระบบ
รายการนี้ยังไม่มีแท็ก
คุณยังไม่ได้ล็อกอิน คุณสามารถมีกิจกรรมร่วมกับเว็บไซต์ได้ แต่ต้องล็อกอินก่อน ::
  ล็อกอิน

รายการสื่อสารสนเทศ

ลำดับที่ ประเภท เลขเรียก/บาร์โค้ด สถานที่ สถานะ
- ไม่พบข้อมูล -

รายการใกล้เคียง
    ผู้แต่ง [พรรณทิพย์ ศิริวรรณบุศย์]

    หัวเรื่อง [จิตวิทยาพัฒนาการ]
    หัวเรื่อง [พฤติกรรมมนุษย์]

BibComment


ยังไม่เคยถูกคอมเมนท์

คอมเมนท์ทรัพยากรรายการนี้
  คอมเมนท์: ทฤษฎีจิตวิทยาพัฒน..


 Copyright 2026. Bcnsprnw @Library